| Tag |
First Indicator |
Second Indicator |
Subfields |
| LEADER |
00000cam a2200000 4500 |
| 001 |
in00000052735 |
| 005 |
20151007074117.0 |
| 008 |
780412s1947 enkcfh b 00000 eng |
| 010 |
|
|
|a 47007730
|
| 035 |
|
|
|a (OCoLC)03795367
|
| 035 |
|
|
|9 AAF0957AM
|
| 040 |
|
|
|a DLC
|c YUS
|d TXA
|d UtOrBLW
|
| 049 |
|
|
|a TXAM
|c [223232]
|
| 050 |
0 |
0 |
|a Z5072
|b .F8
|
| 082 |
0 |
|
|a 016.63
|
| 090 |
|
|
|a S494.5.A39
|b F8
|
| 092 |
|
|
|a 630.942
|b AF994o
|
| 100 |
1 |
|
|a Fussell, G. E.
|q (George Edwin),
|d 1889-1990.
|
| 245 |
1 |
4 |
|a The old English farming books from Fitzherbert to Tull, 1523 to 1730.
|
| 264 |
|
1 |
|a London :
|b C. Lockwood,
|c [1947]
|
| 300 |
|
|
|a 141 pages :
|b plates, portraits, facsimiles ;
|c 23 cm.
|
| 336 |
|
|
|a text
|b txt
|2 rdacontent
|
| 337 |
|
|
|a unmediated
|b n
|2 rdamedia
|
| 338 |
|
|
|a volume
|b nc
|2 rdacarrier
|
| 504 |
|
|
|a Bibliography: pages 126-127.
|
| 650 |
|
0 |
|a Agriculture
|v Early works to 1800
|x Bibliography.
|
| 650 |
|
0 |
|a Agriculture
|z England
|x History.
|
| 999 |
|
|
|a MARS
|
| 999 |
f |
f |
|s 41d24633-f379-38d7-a618-79703279c1b3
|i 775d1167-4ae2-318c-8b59-2d2cf8645a36
|t 0
|
| 952 |
f |
f |
|p ric
|a Texas A&M University
|b Rellis Campus
|c Joint Library Facility
|d Remote Storage
|t 0
|e S494.5.A39 F8
|h Library of Congress classification
|i unmediated -- volume
|m A14801057390
|
| 998 |
f |
f |
|a S494.5.A39 F8
|t 0
|l Remote Storage
|